[Event "BW 2018 Senioren"]
[Site "Bad Woerishofen"]
[Date "2018.03.01"]
[Round "7.51"]
[White "Eigenmann, Christina"]
[Black "Chochoy, Patrick"]
[Result "0-1"]
[WhiteElo "1732"]
[BlackElo "1604"]
[Annotator "chessorg"]
[PlyCount "56"]
[EventDate "2018.??.??"]
[BlackTeam "Echiquier de Franconville"]

1. d4 Nf6 2. Nf3 g6 3. Nc3 d5 4. Bf4 Bg7 5. h3 O-O 6. e3 a6 7. Bd3 c5 8. dxc5
Qa5 9. O-O Qxc5 10. Na4 Qc6 11. c3 Nfd7 12. Nd4 Qf6 13. b3 e5 14. Bg3 exd4 15.
Bxb8 Rxb8 16. cxd4 b5 17. Nc5 Nxc5 18. dxc5 Qg5 19. f4 Qe7 20. Rc1 Qxe3+ 21.
Kh1 Be6 22. Rf3 Qd4 23. Qe1 Rfe8 24. Qa5 Rec8 25. c6 Qb6 26. Qxb6 Rxb6 27. c7
Rb7 28. Bxb5 axb5 0-1

[Event "Schachfestival 2018"]
[Site "Bad Woerishofen"]
[Date "2018.03.01"]
[Round "7.51"]
[White "Bangert, Ruediger"]
[Black "Schreib, Marc"]
[Result "0-1"]
[WhiteElo "1563"]
[BlackElo "1848"]
[Annotator "chessorg"]
[PlyCount "48"]
[EventDate "2018.??.??"]
[WhiteTeam "Ohne"]
[BlackTeam "SK Neuperach"]

1. d4 Nf6 2. c4 c5 3. d5 b5 4. Nd2 e6 5. Ngf3 exd5 6. cxd5 Nxd5 7. Nb3 Bb7 8.
Bg5 f6 9. Bh4 Nc7 10. e3 a5 11. Ne5 g6 12. Bxf6 Qxf6 13. Ng4 Qxb2 14. Rc1 c4
15. Rc2 Bb4+ 16. Ke2 Qg7 17. Nd4 Nc6 18. Nxb5 Nxb5 19. Rxc4 Qb2+ 20. Rc2 Nc3+
21. Kf3 Nxd1 22. Rxb2 Nxb2 23. Kg3 O-O 24. Be2 h5 0-1

[Event "BW 2018 Senioren"]
[Site "Bad Woerishofen"]
[Date "2018.03.01"]
[Round "7.53"]
[White "Hertkorn, Dieter"]
[Black "Erdmann, Wolfgang"]
[Result "1-0"]
[WhiteElo "1547"]
[BlackElo "1731"]
[Annotator "chessorg"]
[PlyCount "105"]
[EventDate "2018.??.??"]
[WhiteTeam "Kein Verein"]
[BlackTeam "SC Roter Turm Altstadt"]

1. e4 d6 2. d4 Nf6 3. Nc3 c6 4. Bd3 g6 5. Nf3 Bg7 6. O-O Qc7 7. Bf4 Bg4 8. h3
Bxf3 9. Qxf3 e5 10. dxe5 dxe5 11. Be3 O-O 12. a4 Nbd7 13. b4 a6 14. Qd1 Rad8
15. Ne2 Nb6 16. Qc1 Nc8 17. Rd1 Nd6 18. a5 Ndxe4 19. Bb6 Qd6 20. Bxd8 Rxd8 21.
Bxe4 Qxd1+ 22. Qxd1 Rxd1+ 23. Rxd1 Nxe4 24. Rd7 c5 25. Rxb7 cxb4 26. Rxb4 Nc5
27. Nc1 e4 28. Nb3 Bc3 29. Rc4 Nxb3 30. cxb3 Bxa5 31. Rxe4 Bd2 32. Kf1 a5 33.
Ke2 Bb4 34. Kd3 Kf8 35. g4 f6 36. f4 Kf7 37. f5 h6 38. fxg6+ Kxg6 39. h4 Ba3
40. Ke2 Bb4 41. Kf3 Ba3 42. Rd4 f5 43. gxf5+ Kf6 44. Ke4 Bb4 45. Rc4 Be1 46.
Rc6+ Kf7 47. Rxh6 Kg7 48. Rg6+ Kh7 49. h5 Bd2 50. f6 Bb4 51. f7 Bf8 52. Kf5 Bg7
53. Ke6 1-0

[Event "Schachfestival 2018"]
[Site "Bad Woerishofen"]
[Date "2018.03.02"]
[Round "8.1"]
[White "Vorobiov, Evgeny"]
[Black "Lalic, Bogdan"]
[Result "1-0"]
[WhiteElo "2548"]
[BlackElo "2401"]
[Annotator "chessorg"]
[PlyCount "135"]
[EventDate "2018.??.??"]
[WhiteTeam "SF 90 Spraitbach e.V."]

1. d4 Nf6 2. c4 e6 3. Nf3 b6 4. Bf4 Bb7 5. e3 d5 6. Nc3 Be7 7. cxd5 Nxd5 8.
Bb5+ c6 9. Nxd5 Qxd5 10. Bd3 Qa5+ 11. Nd2 Ba6 12. Qc2 Bxd3 13. Qxd3 Qa6 14. Nc4
O-O 15. O-O Nd7 16. Rfd1 c5 17. Bd6 Bxd6 18. Nxd6 Qxd3 19. Rxd3 cxd4 20. Rxd4
Nf6 21. Rad1 Rfd8 22. e4 e5 23. R4d2 Kf8 24. f3 Rd7 25. Kf2 Rad8 26. Ke3 Ne8
27. Nb5 Rxd2 28. Rxd2 Rxd2 29. Kxd2 a6 30. Na7 Nd6 31. Nc6 f6 32. b4 Ke8 33.
Nb8 Kd8 34. Nxa6 Kc8 35. a4 Kb7 36. b5 Nc4+ 37. Kd3 Nb2+ 38. Kc3 Nd1+ 39. Kd2
Nb2 40. Kc2 Nc4 41. g4 Ne3+ 42. Kd2 Ng2 43. Nb4 Nf4 44. Nd5 Ne6 45. h4 Nc5 46.
h5 Nxa4 47. h6 gxh6 48. Nxf6 Kc7 49. Nxh7 Nc5 50. Nf6 Kd6 51. Ng8 Nb3+ 52. Kd3
Ke6 53. Nxh6 Nd4 54. g5 Nxf3 55. g6 Kf6 56. Ng4+ Kxg6 57. Ke3 Ng5 58. Nxe5+ Kf6
59. Nd7+ Ke6 60. Nxb6 Kd6 61. Nc4+ Kc5 62. b6 Kc6 63. e5 Ne6 64. Ke4 Nd8 65.
Kf5 Kc5 66. e6 Nc6 67. Kf6 Kxc4 68. e7 1-0

[Event "Schachfestival 2018"]
[Site "Bad Woerishofen"]
[Date "2018.03.02"]
[Round "8.2"]
[White "Burmakin, Vladimir"]
[Black "Ivanov, Mikhail"]
[Result "1/2-1/2"]
[WhiteElo "2528"]
[BlackElo "2355"]
[Annotator "chessorg"]
[PlyCount "58"]
[EventDate "2018.??.??"]
[WhiteTeam "SF 90 Spraitbach e.V."]
[BlackTeam "SF Bad Mergentheim"]

1. d4 Nf6 2. Nf3 d5 3. g3 e6 4. Bg2 b5 5. Qd3 Ba6 6. O-O Be7 7. Re1 O-O 8. Be3
Qc8 9. Nbd2 Nbd7 10. Nb3 Ne4 11. Ne5 f5 12. Nc6 Bd6 13. f3 Nef6 14. Nc5 Re8 15.
Nb4 Bxc5 16. dxc5 c6 17. a4 Ne5 18. Qc3 Nf7 19. f4 bxa4 20. Nxa6 Qxa6 21. Bd4
Qb5 22. Qa3 Ne4 23. Qxa4 a6 24. Qa3 e5 25. fxe5 Nxe5 26. Bxe4 fxe4 27. Qc3 Qb8
28. Rf1 Qc7 29. Rf5 Ng6 1/2-1/2

[Event "Schachfestival 2018"]
[Site "Bad Woerishofen"]
[Date "2018.03.02"]
[Round "8.3"]
[White "Pirrot, Dieter"]
[Black "Pavlovic, Milos"]
[Result "0-1"]
[WhiteElo "2364"]
[BlackElo "2466"]
[Annotator "chessorg"]
[PlyCount "68"]
[EventDate "2018.??.??"]
[WhiteTeam "SV 1920 Hofheim"]

1. d4 d5 2. Nf3 e6 3. c4 Nf6 4. Nc3 Be7 5. Bf4 O-O 6. e3 Nbd7 7. c5 c6 8. Bd3
b6 9. b4 a5 10. a3 Ba6 11. Bxa6 Rxa6 12. b5 cxb5 13. c6 Qc8 14. Nxb5 Qxc6 15.
Qe2 a4 16. O-O Ra5 17. Nc7 Rc8 18. Rfc1 Qb7 19. Ne1 Ne4 20. Nb5 Rxc1 21. Rxc1
Qa6 22. Rb1 Bxa3 23. f3 Nd6 24. Bxd6 Bxd6 25. Kf2 Bf8 26. Nc2 a3 27. Nc3 a2 28.
Ra1 b5 29. Ne1 Bb4 30. Qb2 Bxc3 31. Qxc3 Qa8 32. Nd3 Nb6 33. Qc7 Nc4 34. Nc5 h6
0-1

[Event "Schachfestival 2018"]
[Site "Bad Woerishofen"]
[Date "2018.03.02"]
[Round "8.4"]
[White "Schmuecker, Marcus"]
[Black "Naumkin, Igor"]
[Result "0-1"]
[WhiteElo "2211"]
[BlackElo "2430"]
[Annotator "chessorg"]
[PlyCount "108"]
[EventDate "2018.??.??"]
[WhiteTeam "SV Hemer 1932"]

1. d4 e6 2. c4 f5 3. Nc3 Bb4 4. Qc2 Nf6 5. e3 Bxc3+ 6. Qxc3 b6 7. Bd3 O-O 8.
Ne2 Bb7 9. f3 Nh5 10. O-O c5 11. b4 cxb4 12. Qxb4 Nc6 13. Qd6 Ba6 14. Bd2 Rc8
15. Rac1 Qe7 16. Qxe7 Nxe7 17. Bb4 Rfe8 18. Rfd1 Nf6 19. h3 Nc6 20. Be1 d5 21.
Nf4 dxc4 22. Bxc4 Bxc4 23. Rxc4 Nd5 24. Nxd5 exd5 25. Rc3 Ne7 26. Rdc1 Rxc3 27.
Rxc3 Rc8 28. Kf2 Rxc3 29. Bxc3 Kf7 30. Ke2 Ke6 31. Kd3 g6 32. a4 a6 33. Bb4 Nc6
34. Bf8 Na5 35. e4 fxe4+ 36. fxe4 Nc4 37. Kc3 Ne3 38. Kd3 Nxg2 39. Bh6 b5 40.
axb5 axb5 41. Bd2 Nh4 42. Ke3 g5 43. Bb4 Ng6 44. Kf3 Nf4 45. h4 dxe4+ 46. Kxe4
Nd5 47. Be1 Nf6+ 48. Kf3 g4+ 49. Kf4 h5 50. Ba5 Kd5 51. Bd8 Ne4 52. Ke3 b4 53.
Bc7 g3 54. Kd3 Nd6 0-1

[Event "Schachfestival 2018"]
[Site "Bad Woerishofen"]
[Date "2018.03.02"]
[Round "8.5"]
[White "Karpatchev, Alexandr"]
[Black "Fischer, Daniel"]
[Result "1-0"]
[WhiteElo "2494"]
[BlackElo "2164"]
[Annotator "chessorg"]
[PlyCount "37"]
[EventDate "2018.??.??"]
[WhiteTeam "SF Bad Mergentheim"]
[BlackTeam "SC Dreilaendereck"]

1. e4 e5 2. Nf3 Nc6 3. Bb5 a6 4. Ba4 Nf6 5. d3 b5 6. Bb3 Bc5 7. Nc3 d6 8. Nd5
h6 9. c3 O-O 10. Nxf6+ Qxf6 11. Bd5 Bb7 12. b4 Bb6 13. g4 a5 14. g5 hxg5 15.
Bxg5 Qg6 16. Rg1 Qh5 17. Bf6 g6 18. Rg5 Qh6 19. Rg4 1-0

[Event "Schachfestival 2018"]
[Site "Bad Woerishofen"]
[Date "2018.03.02"]
[Round "8.6"]
[White "De Santis, Alessio"]
[Black "Pap, Misa"]
[Result "1-0"]
[WhiteElo "2223"]
[BlackElo "2502"]
[Annotator "chessorg"]
[PlyCount "103"]
[EventDate "2018.??.??"]
[BlackTeam "SC Hansa Dortmund e.V."]

1. b3 e5 2. Bb2 d6 3. e3 f5 4. d4 e4 5. d5 Nf6 6. Nh3 Be7 7. Nc3 Nbd7 8. Nf4
Ne5 9. Be2 O-O 10. Qd2 Bd7 11. O-O-O Qe8 12. f3 b5 13. Ne6 Bxe6 14. dxe6 c6 15.
f4 Ng6 16. h3 Qc8 17. g4 Nh4 18. g5 Ne8 19. Qe1 Ng6 20. h4 Qxe6 21. h5 Nh8 22.
h6 g6 23. Nxb5 cxb5 24. Qc3 Bf6 25. gxf6 a6 26. Qc6 Ra7 27. Qb6 Rff7 28. Kb1
Rfb7 29. Qd4 Nf7 30. c4 Nc7 31. Rd2 Ra8 32. Re1 b4 33. Rh1 a5 34. c5 d5 35. Rc1
Qc6 36. Rdd1 Rd8 37. Rc2 Ne6 38. Qd2 Nxh6 39. Rh1 Nf7 40. Qe1 h6 41. Qg3 Kh7
42. Bf1 Rg8 43. Rch2 g5 44. Qh3 Rg6 45. Qxf5 g4 46. Be2 Nf8 47. Bxg4 Kg8 48.
Bh5 Rg3 49. Bxf7+ Kxf7 50. Qh5+ Kg8 51. Qxh6 Rh7 52. f7+ 1-0

[Event "Schachfestival 2018"]
[Site "Bad Woerishofen"]
[Date "2018.03.02"]
[Round "8.7"]
[White "Felgendreher, Heiko"]
[Black "Singer, Christoph"]
[Result "1-0"]
[WhiteElo "2198"]
[BlackElo "2369"]
[Annotator "chessorg"]
[PlyCount "67"]
[EventDate "2018.??.??"]
[WhiteTeam "Freibauer Moerlenbach"]
[BlackTeam "FC Bayern Muenchen e.V."]

1. e4 e5 2. Nf3 Nc6 3. d4 exd4 4. Nxd4 Bb4+ 5. c3 Bc5 6. Nxc6 bxc6 7. Bd3 Qh4
8. Qe2 Nf6 9. h3 O-O 10. g3 Qh5 11. g4 Qe5 12. g5 Ne8 13. h4 d5 14. f4 Qe7 15.
e5 g6 16. h5 Ng7 17. Qf3 Nf5 18. Nd2 Bb6 19. Nf1 Be6 20. Bd2 Rab8 21. Nh2 Nh4
22. Qg3 Nf5 23. Bxf5 Bxf5 24. Ng4 Bxg4 25. Qxg4 Qe6 26. Qh4 Rfe8 27. hxg6 Qxg6
28. O-O-O Bc5 29. f5 Qxf5 30. Rdf1 Qe4 31. Rf4 Qg6 32. Rf6 Qe4 33. g6 Qxh4 34.
gxf7+ 1-0

[Event "Schachfestival 2018"]
[Site "Bad Woerishofen"]
[Date "2018.03.02"]
[Round "8.9"]
[White "Tennstedt, Andreas"]
[Black "Dittmar, Peter"]
[Result "0-1"]
[WhiteElo "2109"]
[BlackElo "2298"]
[Annotator "chessorg"]
[PlyCount "50"]
[EventDate "2018.??.??"]
[WhiteTeam "SG Roedermark/Eppertshausen"]
[BlackTeam "SC Freibauer Moerlenbach-Birkenau"]

1. c4 e6 2. Nc3 Bb4 3. g3 d5 4. Bg2 c6 5. Qb3 a5 6. Nf3 Nf6 7. O-O Nbd7 8. d4
O-O 9. a3 Be7 10. cxd5 exd5 11. Qc2 Re8 12. Bg5 h6 13. Bf4 Bf8 14. Rad1 Nb6 15.
Nb5 cxb5 16. Bc7 Bf5 17. Qc1 Qd7 18. Bxb6 Rec8 19. Qf4 g5 20. Qd2 Rc2 21. Qe1
Qe6 22. Bxa5 Rxe2 23. Qc3 b6 24. Bb4 Rc8 25. Qb3 Bc2 0-1

[Event "Schachfestival 2018"]
[Site "Bad Woerishofen"]
[Date "2018.03.02"]
[Round "8.12"]
[White "Anistratov, Dmitriy"]
[Black "Astengo, Corrado"]
[Result "1-0"]
[WhiteElo "2275"]
[BlackElo "2160"]
[Annotator "chessorg"]
[PlyCount "57"]
[EventDate "2018.??.??"]
[WhiteTeam "SV Jedesheim"]

1. Nf3 d5 2. g3 Nf6 3. Bg2 e6 4. O-O Be7 5. c4 O-O 6. Qc2 c5 7. d4 b6 8. Rd1
Bb7 9. cxd5 exd5 10. Nc3 Nbd7 11. Bf4 Rc8 12. Rac1 a6 13. Qb1 Qe8 14. dxc5 bxc5
15. Nh4 Nb6 16. Nf5 Qd7 17. Nxd5 Bxd5 18. e4 Nxe4 19. Bxe4 Bf6 20. Bxd5 Nxd5
21. Bd6 g6 22. Nh6+ Kg7 23. Rxd5 Qe6 24. Bxf8+ Rxf8 25. Rdxc5 Kxh6 26. Rc6 Qe5
27. Re1 Qxb2 28. Qxb2 Bxb2 29. Rxa6 1-0

[Event "Schachfestival 2018"]
[Site "Bad Woerishofen"]
[Date "2018.03.02"]
[Round "8.13"]
[White "Dorst, Johannes"]
[Black "Schaefer, Michael"]
[Result "1-0"]
[WhiteElo "2227"]
[BlackElo "2157"]
[Annotator "chessorg"]
[PlyCount "55"]
[EventDate "2018.??.??"]
[WhiteTeam "SK Marburg 1931/72"]
[BlackTeam "FB80 Moerlenbach-Birkenau"]

1. e4 c5 2. Nf3 g6 3. d4 cxd4 4. Qxd4 Nf6 5. e5 Nc6 6. Qa4 Nd5 7. Qe4 Ndb4 8.
Bb5 Qa5 9. Nc3 Bg7 10. O-O Na6 11. a3 Nc5 12. Qd5 a6 13. Qxc5 axb5 14. Nxb5 O-O
15. Bd2 Qa4 16. Nc7 b6 17. Qe3 Rb8 18. b3 Qg4 19. Nd5 b5 20. h3 Qh5 21. Nf4 Qf5
22. g4 Qxc2 23. Rfc1 Qb2 24. Rcb1 Nxe5 25. Rxb2 Nxf3+ 26. Qxf3 Bxb2 27. Rb1 Bb7
28. Nd5 1-0

[Event "Schachfestival 2018"]
[Site "Bad Woerishofen"]
[Date "2018.03.02"]
[Round "8.14"]
[White "Mainka, Romuald"]
[Black "Heller, Achim"]
[Result "1-0"]
[WhiteElo "2411"]
[BlackElo "2089"]
[Annotator "chessorg"]
[PlyCount "75"]
[EventDate "2018.??.??"]
[WhiteTeam "SC Hansa Dortmund e.V."]
[BlackTeam "Ennepe Ruhr Sued"]

1. e4 c6 2. d4 d5 3. e5 Bf5 4. Nd2 e6 5. Nb3 Nd7 6. Nf3 Ne7 7. Be2 Nc8 8. O-O
Be7 9. Ne1 O-O 10. Bd3 Bxd3 11. Nxd3 Qc7 12. Qg4 Kh8 13. Be3 b6 14. Nd2 c5 15.
c3 Bd8 16. Rac1 c4 17. Nf4 Ne7 18. Nf3 Qc6 19. Rfe1 Nf5 20. Bd2 Re8 21. Qh5 Kg8
22. g4 g6 23. Qh3 Ng7 24. Qh6 Nf8 25. Nh3 a5 26. Bg5 Bxg5 27. Nfxg5 b5 28. Re3
Re7 29. Rce1 Rb7 30. Rf3 b4 31. Nf4 bxc3 32. bxc3 Rab8 33. Rh3 Ne8 34. Nxh7
Nxh7 35. Qxh7+ Kf8 36. Nxg6+ fxg6 37. Rf3+ Nf6 38. Rxf6+ 1-0

[Event "Schachfestival 2018"]
[Site "Bad Woerishofen"]
[Date "2018.03.02"]
[Round "8.16"]
[White "Remensberger, Paul"]
[Black "Rahls, Peter"]
[Result "0-1"]
[WhiteElo "2056"]
[BlackElo "2174"]
[Annotator "chessorg"]
[PlyCount "40"]
[EventDate "2018.??.??"]
[WhiteTeam "Herrliberg"]
[BlackTeam "SK Zehlendorf e.V."]

1. Nf3 d5 2. g3 c5 3. Bg2 Nc6 4. d4 cxd4 5. Nxd4 Nf6 6. O-O e6 7. Nxc6 bxc6 8.
c4 Be7 9. Nc3 O-O 10. cxd5 cxd5 11. e4 Ba6 12. Re1 d4 13. e5 dxc3 14. Bxa8 Qxa8
15. exf6 Bxf6 16. bxc3 Bxc3 17. Ba3 Re8 18. Rc1 Bxe1 19. Qxe1 Qd5 20. Rd1 Qf3
0-1

[Event "Schachfestival 2018"]
[Site "Bad Woerishofen"]
[Date "2018.03.02"]
[Round "8.17"]
[White "Valet, Richard"]
[Black "Johnsen, Gunnar"]
[Result "0-1"]
[WhiteElo "2059"]
[BlackElo "2174"]
[Annotator "chessorg"]
[PlyCount "50"]
[EventDate "2018.??.??"]
[WhiteTeam "Greifswalder SV"]
[BlackTeam "Tromsø Sjakklubb"]

1. e4 e6 2. d4 d5 3. e5 c5 4. c3 Qb6 5. Nf3 Nc6 6. a3 Nh6 7. b4 cxd4 8. cxd4
Nf5 9. Bb2 Be7 10. Bd3 Bd7 11. Nc3 Nfxd4 12. Nxd4 Nxd4 13. Na4 Bxa4 14. Qxa4+
Nc6 15. O-O O-O 16. Rae1 f5 17. Re3 a6 18. Rh3 g6 19. Qc2 Rac8 20. Qd2 Rf7 21.
Kh1 Bf8 22. g4 fxg4 23. Rg3 Bg7 24. Qe2 Rcf8 25. Qxg4 Nxe5 0-1

[Event "Schachfestival 2018"]
[Site "Bad Woerishofen"]
[Date "2018.03.02"]
[Round "8.23"]
[White "Kretschel, Klaus"]
[Black "Schroeder, Volker"]
[Result "1/2-1/2"]
[WhiteElo "2043"]
[BlackElo "2107"]
[Annotator "chessorg"]
[PlyCount "34"]
[EventDate "2018.??.??"]
[WhiteTeam "SAbt TuS Fuerstenfeldbruck"]
[BlackTeam "SK Weinheim 1911 e.V."]

1. d4 d5 2. Bf4 Nf6 3. e3 e6 4. Nd2 Bd6 5. Bg3 O-O 6. c3 b6 7. Ngf3 Bb7 8. Ne5
Nbd7 9. Bd3 Ne4 10. Nxd7 Qxd7 11. Qh5 c5 12. O-O-O cxd4 13. Bxe4 dxe4 14. Bxd6
Qxd6 15. exd4 Rac8 16. Kb1 a5 17. Rhe1 Qd5 1/2-1/2

[Event "Schachfestival 2018"]
[Site "Bad Woerishofen"]
[Date "2018.03.02"]
[Round "8.24"]
[White "Hanisch, Sebastian"]
[Black "Battistella, Stefano"]
[Result "1/2-1/2"]
[WhiteElo "2095"]
[BlackElo "2051"]
[Annotator "chessorg"]
[PlyCount "65"]
[EventDate "2018.??.??"]
[WhiteTeam "SC Kempten 1878"]

1. d4 g6 2. Bf4 Bg7 3. e4 d6 4. Nf3 Bg4 5. Nc3 Nc6 6. d5 Nd4 7. Qd3 Nxf3+ 8.
gxf3 Bd7 9. O-O-O Nf6 10. Qd2 h5 11. h4 O-O 12. Bh6 c5 13. Bxg7 Kxg7 14. f4 b5
15. f3 b4 16. Ne2 Qa5 17. Kb1 c4 18. e5 Ne8 19. Ng3 Rc8 20. Qd4 Qc5 21. Rg1 Kh6
22. Qxc5 Rxc5 23. Ne4 Rc7 24. Rd4 dxe5 25. fxe5 Ng7 26. Rxc4 Rxc4 27. Bxc4 Nf5
28. Rh1 Rc8 29. Bd3 Nd4 30. f4 Bf5 31. Rf1 Bh3 32. Rf2 Rd8 33. Ng5 1/2-1/2

[Event "Schachfestival 2018"]
[Site "Bad Woerishofen"]
[Date "2018.03.02"]
[Round "8.25"]
[White "Bruchmann, Norbert"]
[Black "Remensberger, Hansuli"]
[Result "1-0"]
[WhiteElo "2087"]
[BlackElo "2033"]
[Annotator "chessorg"]
[PlyCount "49"]
[EventDate "2018.??.??"]
[WhiteTeam "SG Ennepe-Ruhr-Sued"]
[BlackTeam "Chessflyers Kloten"]

1. e4 e6 2. d4 d5 3. Nc3 Bb4 4. exd5 exd5 5. Bd3 Nf6 6. a3 Ba5 7. b4 Bb6 8.
Nce2 O-O 9. h3 Re8 10. Nf3 Nc6 11. c3 Ne7 12. O-O Bf5 13. Ng3 Bxd3 14. Qxd3 h6
15. Bd2 c6 16. Ne5 Nd7 17. f4 Bc7 18. Rf3 Nc8 19. Nh5 Bxe5 20. fxe5 Qh4 21. Qf5
Re7 22. Nxg7 Nf8 23. Nh5 Ng6 24. g3 Qe4 25. Nf6+ 1-0

[Event "Schachfestival 2018"]
[Site "Bad Woerishofen"]
[Date "2018.03.02"]
[Round "8.26"]
[White "Baeuml, Ulrich"]
[Black "Diotallevi, Maurizio"]
[Result "1-0"]
[WhiteElo "2080"]
[BlackElo "2003"]
[Annotator "chessorg"]
[PlyCount "67"]
[EventDate "2018.??.??"]
[WhiteTeam "SC Dillingen"]

1. Nf3 d5 2. c4 e6 3. Qc2 Nf6 4. d4 Be7 5. Nbd2 Nbd7 6. g3 O-O 7. Bg2 c6 8. O-O
b6 9. Rd1 Bb7 10. e4 dxe4 11. Nxe4 h6 12. Bf4 Nxe4 13. Qxe4 Nf6 14. Qe2 Qc8 15.
Rac1 Qe8 16. Ne5 Rc8 17. h4 Ba8 18. Bh3 Rd8 19. Bg2 Rc8 20. a3 Bd8 21. b4 Bc7
22. Rd2 Bxe5 23. dxe5 Nd7 24. Rcd1 Nb8 25. Rd6 Qe7 26. Be4 Rfd8 27. Bb1 Rxd6
28. exd6 Qd7 29. c5 Rd8 30. Qd3 f5 31. Ba2 g6 32. Bxh6 Kh7 33. Bg5 Re8 34. Be7
1-0

[Event "Schachfestival 2018"]
[Site "Bad Woerishofen"]
[Date "2018.03.02"]
[Round "8.28"]
[White "Hehn, Hartmut"]
[Black "Ballon, Guenther Jan"]
[Result "1/2-1/2"]
[WhiteElo "2028"]
[BlackElo "2071"]
[Annotator "chessorg"]
[PlyCount "35"]
[EventDate "2018.??.??"]
[WhiteTeam "SV Ebersbach"]
[BlackTeam "Caissa Amsterdam"]

1. d4 d5 2. Nc3 Nf6 3. Bf4 Bf5 4. f3 h6 5. g4 Bg6 6. e3 e6 7. Bd3 Bxd3 8. Qxd3
a6 9. Nge2 c5 10. e4 Nc6 11. O-O-O dxe4 12. Nxe4 cxd4 13. Nxd4 Nxd4 14. Nxf6+
Qxf6 15. Qxd4 Qxd4 16. Rxd4 Bc5 17. Rd3 Ke7 18. Rhd1 1/2-1/2

[Event "Schachfestival 2018"]
[Site "Bad Woerishofen"]
[Date "2018.03.02"]
[Round "8.36"]
[White "Hamlack, Heinz"]
[Black "Kornitzky, Tino"]
[Result "1/2-1/2"]
[WhiteElo "2038"]
[BlackElo "1968"]
[Annotator "chessorg"]
[PlyCount "62"]
[EventDate "2018.??.??"]
[WhiteTeam "PSV Memmingen e.V."]
[BlackTeam "FC Bayern Muenchen"]

1. c4 e6 2. e3 Nf6 3. Nc3 d5 4. d4 Nbd7 5. Nf3 a6 6. a3 dxc4 7. Bxc4 b5 8. Bd3
Bb7 9. O-O c5 10. Bd2 Be7 11. Rc1 O-O 12. Bb1 Nb6 13. dxc5 Nc4 14. e4 Nxb2 15.
Qe2 Nc4 16. Rfd1 Qc7 17. a4 Nb2 18. Re1 b4 19. e5 bxc3 20. Bxc3 Nxa4 21. exf6
Nxc3 22. Bxh7+ Kh8 23. Rxc3 Bxf6 24. Nd4 Bxd4 25. Qh5 Bxf2+ 26. Kxf2 Qf4+ 27.
Kg1 Qh6 28. Rh3 Qxh5 29. Rxh5 g6 30. Bxg6+ Kg7 31. Bc2 Rh8 1/2-1/2

[Event "Schachfestival 2018"]
[Site "Bad Woerishofen"]
[Date "2018.03.02"]
[Round "8.44"]
[White "Riegler, Dieter"]
[Black "Guggenberger, Guido"]
[Result "1/2-1/2"]
[WhiteElo "1999"]
[BlackElo "2011"]
[Annotator "chessorg"]
[PlyCount "35"]
[EventDate "2018.??.??"]
[WhiteTeam "SF Heidelberg"]
[BlackTeam "TV Tegernsee"]

1. d4 Nf6 2. c4 c5 3. d5 e5 4. Nc3 d6 5. e4 Be7 6. g3 Nbd7 7. Bh3 a6 8. a4 b6
9. Nge2 O-O 10. O-O Rb8 11. f3 Ne8 12. Kg2 Nc7 13. Be3 b5 14. b3 bxc4 15. bxc4
Nb6 16. Qd3 Bxh3+ 17. Kxh3 Rb7 18. Kg2 1/2-1/2

[Event "Schachfestival 2018"]
[Site "Bad Woerishofen"]
[Date "2018.03.02"]
[Round "8.48"]
[White "Kievelitz, Bernd"]
[Black "Kapahnke, Tilo"]
[Result "1-0"]
[WhiteElo "1924"]
[BlackElo "1571"]
[Annotator "chessorg"]
[PlyCount "43"]
[EventDate "2018.??.??"]
[WhiteTeam "SC Zitadelle Spandau 1977 e.V."]
[BlackTeam "SC Starnberg"]

1. Nf3 d5 2. d4 Nf6 3. c4 e6 4. Nc3 c6 5. Qb3 Nbd7 6. Bg5 Be7 7. e3 h6 8. Bh4
b6 9. cxd5 exd5 10. Bd3 Bb7 11. O-O O-O 12. Rad1 Nh5 13. Bxe7 Qxe7 14. Rfe1 f5
15. e4 fxe4 16. Nxe4 Kh8 17. Nc5 Nxc5 18. Rxe7 Nxb3 19. axb3 Bc8 20. Ne5 Bf5
21. Bxf5 Rxf5 22. g4 1-0

[Event "Schachfestival 2018"]
[Site "Bad Woerishofen"]
[Date "2018.03.02"]
[Round "8.51"]
[White "Kluegel, Jan"]
[Black "Wahl, Peter"]
[Result "1-0"]
[WhiteElo "1846"]
[BlackElo "1820"]
[Annotator "chessorg"]
[PlyCount "43"]
[EventDate "2018.??.??"]
[WhiteTeam "SV VHS Rendsburg"]

1. d4 Nf6 2. Bf4 g6 3. e3 Bg7 4. Nf3 c5 5. Be2 Nc6 6. O-O cxd4 7. exd4 Qb6 8.
b3 Ne4 9. c3 d5 10. a4 a5 11. Bd3 Nxc3 12. Nxc3 Nxd4 13. Nxd4 Qxd4 14. Bb5+ Kf8
15. Qxd4 Bxd4 16. Rac1 Bxc3 17. Rxc3 f6 18. Rc7 Kf7 19. Re1 Be6 20. Bc1 Rhc8
21. Rxb7 Rc3 22. Ba3 1-0

[Event "BW 2018 Senioren"]
[Site "Bad Woerishofen"]
[Date "2018.03.03"]
[Round "9.1"]
[White "Baum, Bernd"]
[Black "Bhend, Edwin"]
[Result "1/2-1/2"]
[WhiteElo "2288"]
[BlackElo "2097"]
[Annotator "chessorg"]
[PlyCount "37"]
[EventDate "2018.??.??"]
[WhiteTeam "SC Fulda"]

1. Nf3 e6 2. c4 b6 3. g3 Bb7 4. Bg2 c5 5. O-O Nf6 6. b3 Be7 7. Bb2 O-O 8. e3 d5
9. cxd5 Bxd5 10. Nc3 Bb7 11. d4 Nbd7 12. Qe2 cxd4 13. Nxd4 Bxg2 14. Kxg2 Qc8
15. Rac1 Nc5 16. e4 Qb7 17. f3 Ncd7 18. Rfd1 Rac8 19. Rc2 1/2-1/2

[Event "Schachfestival 2018"]
[Site "Bad Woerishofen"]
[Date "2018.03.03"]
[Round "9.4"]
[White "Lalic, Bogdan"]
[Black "De Santis, Alessio"]
[Result "1/2-1/2"]
[WhiteElo "2401"]
[BlackElo "2223"]
[Annotator "chessorg"]
[PlyCount "58"]
[EventDate "2018.??.??"]

1. d4 Nf6 2. c4 e6 3. Nc3 d5 4. cxd5 exd5 5. Bg5 Be7 6. e3 c6 7. Bd3 Ne4 8.
Bxe7 Nxc3 9. bxc3 Qxe7 10. Ne2 Nd7 11. O-O Nf6 12. c4 dxc4 13. Bxc4 Bg4 14. Qb3
Bxe2 15. Bxe2 Rd8 16. Rab1 Rd7 17. Bf3 O-O 18. Qa4 a6 19. Rb2 Ne4 20. Bxe4 Qxe4
21. Rfb1 Qe7 22. Qc4 g6 23. a4 Kg7 24. g3 f6 25. Rc1 Rf7 26. Qb3 Qe4 27. Rc5
Rfe7 28. Qc2 Qf3 29. Rb1 h5 1/2-1/2

[Event "Schachfestival 2018"]
[Site "Bad Woerishofen"]
[Date "2018.03.03"]
[Round "9.5"]
[White "Schmuecker, Marcus"]
[Black "Pirrot, Dieter"]
[Result "1/2-1/2"]
[WhiteElo "2211"]
[BlackElo "2364"]
[Annotator "chessorg"]
[PlyCount "71"]
[EventDate "2018.??.??"]
[WhiteTeam "SV Hemer 1932"]
[BlackTeam "SV 1920 Hofheim"]

1. d4 e6 2. c4 b6 3. e4 Bb7 4. Bd3 f5 5. exf5 Bb4+ 6. Kf1 Nf6 7. Nf3 O-O 8. a3
Bd6 9. Nc3 exf5 10. Bxf5 Qe8 11. Qd3 g6 12. Bh3 Bxf3 13. Qxf3 Nc6 14. Qd3 Qf7
15. Be3 Rae8 16. Re1 Na5 17. d5 Nb3 18. Re2 Nh5 19. Ne4 Nf4 20. Bxf4 Qxf4 21.
g3 Nc1 22. gxf4 Nxd3 23. Nf6+ Rxf6 24. Rxe8+ Kg7 25. Re4 Nxf4 26. Bxd7 Nd3 27.
Re2 a5 28. Rd2 Ne5 29. Bb5 Nf3 30. Rd3 Bc5 31. h4 Ne5 32. Rd2 Nf3 33. Re2 Nd4
34. Rd2 Nf3 35. Rd1 Ne5 36. Rd2 1/2-1/2

[Event "Schachfestival 2018"]
[Site "Bad Woerishofen"]
[Date "2018.03.03"]
[Round "9.6"]
[White "Dittmar, Peter"]
[Black "Felgendreher, Heiko"]
[Result "1/2-1/2"]
[WhiteElo "2298"]
[BlackElo "2198"]
[Annotator "chessorg"]
[PlyCount "40"]
[EventDate "2018.??.??"]
[WhiteTeam "SC Freibauer Moerlenbach-Birkenau"]
[BlackTeam "Freibauer Moerlenbach"]

1. c4 Nf6 2. Nc3 e5 3. e3 Bb4 4. Nge2 c6 5. a3 Be7 6. d4 d6 7. g3 h5 8. h3 Be6
9. d5 cxd5 10. cxd5 Bf5 11. e4 Bg6 12. Bg2 h4 13. g4 Nbd7 14. Be3 Nc5 15. Bxc5
dxc5 16. f4 exf4 17. e5 Nd7 18. e6 Ne5 19. Qa4+ Kf8 20. Nxf4 Nd3+ 1/2-1/2